000 00433nam a2200205Ia 4500
008 240510s9999 xx 000 0 und d
020 _a159059391X
041 _aEng
082 _a005.133
082 _bL22
100 _aLEE, JAMES.
245 0 _aBEGINNING PERL,
250 _a2nd ed.
260 _bUSA : Apress
260 _c2004
300 _a429 p.
650 _aProgramming Language
942 _2ddc
942 _cRBK
999 _c28443
_d28443
945 _a1
_bMadushi Gamage
_c1
_dMadushi Gamage